Statistiques concernant Culture Générale - Série 228

Cliquez ici pour prendre le quiz!

Statistiques générales

  • Ce quiz a été pris 180 fois
  • Le résultat moyen est 4 sur 10

Statistiques - réponses

QuestionRéponse% Correct
Quelle est la monnaie de l'Etat de Saint-Marin ?L'euro
91%
Sans compter l'excuse, combien y a-t-il d'atouts au tarot ?21
82%
Quel animal Panurge jette-t-il à l'eau dans l'oeuvre de François Rabelais ?Un mouton
76%
De quel département la ville de Guéret est-elle le chef-lieu ?La Creuse
68%
Quelle locution latine signifie : "La vérité dans le vin" ?In vino veritas
49%
Chez qui Jean-Louis Trintignant passe-t-il sa nuit selon le film d'Eric Rohmer ?Chez Maud
22%
Qui a animé l'émission "Radioscopie" pendant vingt ans à la radio ?Jacques Chancel
22%
Dans quel film une touriste allemande est-elle abandonnée en plein désert ?Bagdad Café
17%
Quel personnage de "West Side Story" chante qu'il a rencontré "Maria" ?Tony
13%
Quelle série mettait en scène un dessinateur, père de quatre enfants ?Papa Poule
7%

Distribution des résultats

Percentile par nombre de réponses

% des personnes avec chaque résultat

Votre développement - résultats

Vous n’avez pas pris ce quiz